Engineering Materials (Record no. 59482)
[ view plain ]
| 000 -LEADER | |
|---|---|
| fixed length control field | 00479nam a22001937a 4500 |
| 005 - DATE & TIME | |
| control field | 20250318121605.0 |
| 008 - FIXED-LENGTH DATA ELEMENTS--GENERAL INFORMATION | |
| fixed length control field | 250318b |||||||| |||| 00| 0 eng d |
| 020 ## - ISBN | |
| International Standard Book Number | 9788122436211 |
| Price | 299.00 |
| 040 ## - CATALOGING SOURCE | |
| Original cataloging agency | Doon University |
| 041 ## - Language | |
| Language | English |
| 082 ## - DDC NUMBER | |
| Classification number | 621.367 |
| Book Number | KAK |
| 100 ## - MAIN ENTRY--PERSONAL NAME | |
| Personal name | Kakani S. L. |
| 245 ## - TITLE STATEMENT | |
| Title | Engineering Materials |
| 260 ## - PUBLICATION, DISTRIBUTION, ETC. (IMPRINT) | |
| Place of publication, distribution, etc | New Delhi |
| Name of publisher, distributor, etc | New Age International |
| Date of publication, distribution, etc | 2014 |
| 300 ## - PHYSICAL DESCRIPTION | |
| Pages | 527 |
| 650 ## - Subject | |
| Subject | Chemistry |
| 700 ## - Added Entry Personal Name | |
| Added Entry Personal Name | Kakani, Amit |
| 942 ## - ADDED ENTRY ELEMENTS (KOHA) | |
| Koha item type | Books |
| 100 ## - MAIN ENTRY--PERSONAL NAME | |
| -- | 4114 |
| 700 ## - Added Entry Personal Name | |
| -- | 25372 |
| 952 ## - LOCATION AND ITEM INFORMATION (KOHA) | |
| -- | 2025-03-18 |
| 952 ## - LOCATION AND ITEM INFORMATION (KOHA) | |
| -- | 2025-03-18 |
| 952 ## - LOCATION AND ITEM INFORMATION (KOHA) | |
| -- | 2025-03-18 |
| 952 ## - LOCATION AND ITEM INFORMATION (KOHA) | |
| -- | 2025-03-18 |
| 952 ## - LOCATION AND ITEM INFORMATION (KOHA) | |
| -- | 2025-03-18 |
| Withdrawn status | Lost status | Source of classification or shelving scheme | Damaged status | Not for loan | Location (home branch) | Sublocation or collection (holding branch) | Date acquired | Koha full call number | Accession No. | Koha date last seen | Koha item type | Koha issues (times borrowed) |
|---|---|---|---|---|---|---|---|---|---|---|---|---|
| Not For Loan | Doon University | Doon University | 18.03.2025 | 621.367 KAK | 50258 | 18.03.2025 | Reference | |||||
| Doon University | Doon University | 18.03.2025 | 621.367 KAK | 50259 | 18.03.2025 | Books | ||||||
| Doon University | Doon University | 18.03.2025 | 621.367 KAK | 50260 | 18.03.2025 | Books | ||||||
| Doon University | Doon University | 18.03.2025 | 621.367 KAK | 50261 | 18.03.2025 | Books | ||||||
| Doon University | Doon University | 18.03.2025 | 621.367 KAK | 50389 | 18.03.2025 | Books |